| 000 | 01284nam a2200361Ii 4500 | ||
|---|---|---|---|
| 001 | DIGUOCAT0027 | ||
| 003 | NyNyDIG | ||
| 008 | 141201s2002 sp a ob 000 0 spa d | ||
| 006 | m o d | ||
| 007 | cr ||||||||||| | ||
| 035 | _a(OCoLC)899043307 | ||
| 040 |
_aDGITA _beng _erda _epn _cDGITA |
||
| 020 |
_a8484299252 _q(eBook) |
||
| 020 |
_a9788484299257 _q(eBook) |
||
| 050 | 1 | 4 | _aQA184.2 eBook |
| 100 | 1 |
_aViader Canals, Pelegrí, _eauthor. |
|
| 245 | 1 | 0 |
_aAplicaciones lineales / _cPelegrí Viader Canals. |
| 264 | 1 |
_a[Barcelona] : _bUOC, la universidad virtual, _c[2002] |
|
| 300 |
_a1 online resource (59 pages) : _billustrations. |
||
| 336 |
_atext _btxt _2rdacontent |
||
| 337 |
_acomputer _bc _2rdamedia |
||
| 338 |
_aonline resource _bcr _2rdacarrier |
||
| 500 | _aOn cover: "P00/75004/00192." | ||
| 588 | 0 | _aOnline resource; title from PDF title page (Digitalia, viewed December 18, 2014) | |
| 504 | _aIncludes bibliographical references (page 59). | ||
| 650 | 0 | _aAlgebras, Linear. | |
| 655 | 0 | _aElectronic books. | |
| 791 | 2 |
_aDigitalia (Firm), _edistributor. |
|
| 793 | 0 |
_gDigitalia eBook Collection: _aUOC Papers |
|
| 856 | 4 | 0 |
_3Digitalia Hispánica _uhttps://www.digitaliapublishing.com/a/5805/ |
| 910 | _aPremium Collection: 2014 | ||
| 942 | _cRAA | ||
| 999 |
_c231345 _d231345 |
||